Kurzfristige Unternehmensplanung Budgetierung
Salvato in:
| Autore principale: | |
|---|---|
| Altri autori: | |
| Natura: | Libro |
| Lingua: | tedesco |
| Pubblicazione: |
Wien
Linde
1992
|
| Edizione: | 6. Aufl. |
| Soggetti: | |
| Tags: |
Nessun Tag, puoi essere il primo ad aggiungerne!!
|
MARC
| LEADER | 00000nam a2200000 4500 | ||
|---|---|---|---|
| 001 | c002492 | ||
| 005 | 20221206084748.8 | ||
| 020 | |a 3-85122-321-7 | ||
| 041 | 0 | |a ger | |
| 044 | |a AT | ||
| 245 | 1 | 0 | |a Kurzfristige Unternehmensplanung |b Budgetierung |c Anton Egger, Manfred Winterheller |
| 250 | |a 6. Aufl. | ||
| 264 | 1 | |a Wien |b Linde |c 1992 | |
| 300 | |a 303 s. | ||
| 610 | 2 | 0 | |a plánovanie podnikové |
| 610 | 2 | 0 | |a plán |
| 610 | 2 | 0 | |a plánovanie |
| 610 | 2 | 0 | |a rozpočtovníctvo |
| 610 | 2 | 0 | |a riadenie podnikové |
| 610 | 2 | 0 | |a predvídanie krátkodobé |
| 610 | 2 | 0 | |a nástroje plánovania |
| 610 | 2 | 0 | |a rozpis plánu |
| 610 | 2 | 0 | |a tvorba plánu |
| 610 | 2 | 0 | |a rozpočet podnikový |
| 610 | 2 | 0 | |a rozpočtovníctvo |
| 610 | 2 | 0 | |a plánovanie finančné |
| 610 | 2 | 0 | |a plánovanie výroby |
| 100 | 1 | |a Egger, Anton | |
| 700 | 1 | |a Winterheller, Manfred | |